Osvetová činnosť v profesionálnom prostredí OS SR

Bibliographic Details
Main Author: Ňuňuk, Pavel (Author)
Format: Article
Language:Slovak
Subjects:

MARC

LEADER 00000naa a2200000 a 4500
001 vtls008695573
003 SK-MaSNL
005 20260302143820.0
008 140429c2005 xo zr|p|||||||000 b|slo
015 |a SNBRA2006/04  |2 snkbucl 
038 |a SNKBUCL 
040 |a SNKBUCL  |b slo  |c SNKBUCL  |e AACR2 
041 |a slo 
044 |a xo  |c SK 
080 |a 355.3:008  |x (437.6)  |2 1997 
080 |a 008  |x (437.6)  |2 1997 
080 |a 394  |x (437.6)  |2 1997 
100 1 |a Ňuňuk, Pavel  |4 aut  |9 298856 
245 1 0 |a Osvetová činnosť v profesionálnom prostredí OS SR  |c Pavel Ňuňuk 
300 |b Príl. 
650 0 7 |a ozbrojené sily  |2 snkbucl  |9 1644 
650 0 7 |a kultúra  |2 snkbucl  |9 886 
650 0 7 |a osvetová činnosť  |2 snkbucl  |9 834194 
651 7 |a Slovensko  |2 snkbucl 
773 0 |t Vojenská osveta  |d Bratislava : Ministerstvo obrany SR, 2005  |g S. 5-39  |z 8088842751 
852 |a SNK  |b KIS3GCP 
999 |c 1346292  |d 1348222